| 000 | 00759cam a2200253 a 4500 | ||
|---|---|---|---|
| 001 | 2926506 | ||
| 005 | 20180110071151.0 | ||
| 008 | 891017s1990 nju b s001 0aeng | ||
| 010 | _a 89024297 | ||
| 020 | _a0813515327 | ||
| 040 |
_aDLC _cDLC _dDLC |
||
| 041 | _aeng | ||
| 043 | _an-us--- | ||
| 051 |
_a973.7092 _b1953 Suppl. 2 Copy 4 _cAnother copy. |
||
| 080 | _a973.7092 | ||
| 082 | 0 | 0 |
_a973.7092 BAS _aB _220 |
| 100 | 1 | _a21 | |
| 101 | _aGJL | ||
| 240 | 1 | 0 |
_aWorks. _f1990 |
| 245 | 1 | 4 |
_aThe Collected works of Abraham Lincoln. _nSecond supplement, 1848-1865 / _cRoy P. Basler and Christian O. Basler, editors. |
| 504 | _aIncludes bibliographical references and index. | ||
| 906 |
_a7 _bcbc _corignew _d1 _eocip _f19 _gy-gencatlg |
||
| 942 |
_2ddc _cBK |
||
| 999 |
_c39982 _d39982 |
||